01969nam a2200433 i 450000100060000000300080000600500170001400600190003100700150005000800410006502000320010603500220013804000310016005000230019108000130021408000210022708200120024824501420026026401040040230000410050633600310054733700330057833800430061149000760065450400420073058800830077259001620085565000500101765000560106765000240112365000540114765000580120165500270125970000740128679700180136083000770137885600630145599900170151865497FINmELB20241217142632.0m o u cr cn|||||||||220125s2020 sp ob 000 0 spa d a978-84-18254-87-1q(e-book) a(OCoLC)1243556099 aFINmELBbspaerdacFINmELB 4aK564.C6bD564 2020 a34:004.8 a347.77:005.591.604a34322300aDimensiones éticas y jurídicas de la inteligencia artificial en el marco del Estado de Derecho /cJosé Ignacio Solar Cayón (ed.). 1aAlcalá de Henares (Madrid) :bUniversidad de Alcalá ;a[Madrid] :bDefensor del Pueblo,c[2020] a1 recurso en línea (367 páginas) atextobtxt2rdacontent/spa acomputadorabc2rdamedia/spa arecurso en líneabcr2rdacarrier/spa1 aCuadernos de la Cátedra de Democracia y Derechos Humanos ;vNúm. 16 aIncluye referencias bibliográficas. aDescripción basada en metadatos suministrados por el editor y otras fuentes. aRecurso electrónico. Santa Fe, Arg.: elibro, 2022. Disponible vía World Wide Web. El acceso puede estar limitado para las bibliotecas afiliadas a elibro. 0aArtificial intelligencexLaw And Legislation. 0aArtificial intelligencexMoral and ethical aspects. 0aTechnology and law. 4aInteligencia artificialxDerecho y legislación. 4aInnovaciones tecnológicasxDerecho y legislación. 4aLibros electrónicos.1 aSolar Cayón, José Ignacio,edirector de la publicación,eautor.2 aelibro, Corp. 0aCuadernos de la Cátedra de Democracia y Derechos Humanos ;vNúm. 16.40uhttps://elibro.net/ereader/politecnicointernacional/172948 c65497d65497